Xdinary Heroes discography - Statistics

General Stats
  • This quiz has been taken 98 times
    60 since last reset
  • The average score is 36 of 49
Answer Stats
Answer % Correct
Hair Cut
100%
Hair Cut (INST.)
100%
Test me
94%
Test Me (INST.)
94%
Pirates
91%
Freakin' Bad
88%
Zzz..
88%
Strawberry Cake
85%
Boy Comics
82%
Break the Brake
82%
Freddy
82%
Good enough
82%
iNSTEAD!
82%
PLUTO
82%
Sucker Punch!
82%
Dear H.
79%
Little Things
79%
Man in the Box
79%
Bicycle
76%
Ghost
76%
LOVE and FEAR
76%
LUNATIC
76%
Crack in the mirror
74%
KNOCK DOWN
74%
Paranoid
74%
Save me
74%
XYMPHONY
74%
Happy Death Day
71%
Happy Death Day (Inst.)
71%
Wego Wego
71%
Wego Wego- Instrumental
71%
X-MAS
71%
FEELING NICE
68%
MONEYBALL
68%
Bad Chemical
65%
Come into my head
65%
Dreaming Girl
65%
Enemy
65%
Night before the end
65%
Night of fireworks
65%
AGAIN? AGAIN!
62%
checkmate
62%
Walking to the Moon
62%
Money On My Mind
59%
No Matter
59%
UNDEFINED
59%
until the end of time
59%
Paint It
56%
XH_WORLD_75
50%
No matching quizzes found
Score Distribution
Percent of People with Each Score
Percentile by Number Answered
Your Score History
You have not taken this quiz since the last reset